000 00191nam a2200073Ia 4500
008 170524s9999 xx 000 0 und d
100 _aGIRIJA- M
245 0 _aINTRODUCTION TO STATISTICS
260 _bVIKAS PUB. HOUSE NEW DELHI
999 _c8308
_d8308